000 00634nam a2200169Ia 4500
003 GCL
008 140319s9999 xx 000 0 ara d
040 _aGCL /
_cGCL
082 0 4 _a291.35
_bن ح
100 1 _aنبيل لوقا بباوى
245 1 0 _aالحج للاماكن المقدسة بالقدس للمسيحيين والمسلمين واليهود /
_cنبيل لوقا بباوى
260 _aالقاهرة :
_bدار البباوى للنشر
300 _a190 ص ؛
_c24 سم
650 0 4 _aالحج - ديانات مقارنة
650 0 4 _aالاماكن المقدسة - ديانات مقارنة
942 _2ddc
_cBK
999 _c9292
_d9292